[Event "SRB-chT 2nd League West"]
[Site "Kragujevac"]
[Date "2019.09.06"]
[Round "1.7"]
[White "Djukic, Sasa"]
[Black "Milikic, Milorad"]
[Result "1/2-1/2"]
[WhiteElo "1974"]
[BlackElo "2005"]
[PlyCount "93"]
[EventDate "2019.09.06"]
[EventType "team-tourn"]
[EventRounds "11"]
[EventCountry "SRB"]
[SourceTitle "EXT 2020"]
[Source "ChessBase"]
[SourceDate "2019.10.17"]
[SourceVersion "1"]
[SourceVersionDate "2019.10.17"]
[SourceQuality "1"]
[WhiteTeam "Aleksandrovac"]
[BlackTeam "Ivanjica"]
[WhiteTeamCountry "SRB"]
[BlackTeamCountry "SRB"]

1. d4 d5 2. Nf3 Nf6 3. c4 c6 4. Nc3 e6 5. Bg5 Be7 6. cxd5 exd5 7. e3 0-0 8. Bd3 Bg4 9. 0-0 Ne4 10. Bxe7 Qxe7 11. h3 Bh5 12. Be2 Nd7 13. Nd2 Bg6 14. Ndxe4 dxe4 15. Bh5 Nf6 16. Bxg6 hxg6 17. Rc1 Rad8 18. Qa4 a6 19. Qa5 Nd5 20. a3 f5 21. b4 g5 22. Nxd5 Rxd5 23. Rc5 Rfd8 24. Rfc1 Qd6 25. Rxd5 cxd5 26. Qc7 f4 27. Rc5 b6 28. Rc6 Qxc7 29. Rxc7 Rd6 30. a4 Kh7 31. Ra7 b5 32. axb5 axb5 33. Rb7 Rc6 34. Rxb5 Rc1+ 35. Kh2 Rf1 36. exf4 gxf4 37. Rxd5 Rxf2 38. Kg1 Rb2 39. Re5 e3 40. g3 g5 41. gxf4 gxf4 42. Re4 Kg6 43. Rxf4 Rb1+ 44. Rf1 Rxb4 45. Kg2 Rxd4 46. Kf3 Ra4 47. Re1 1/2-1/2

[Event "SRB-chT2 West"]
[Site "Arandjelovac"]
[Date "2018.10.05"]
[Round "7.2"]
[White "Vlajkovic, Stanko"]
[Black "Djukic, Sasa"]
[Result "1-0"]
[WhiteElo "2224"]
[BlackElo "1993"]
[PlyCount "77"]
[EventDate "2018.09.07"]
[EventType "team-tourn"]
[EventRounds "11"]
[EventCountry "SRB"]
[SourceTitle "EXT 2021"]
[Source "ChessBase"]
[SourceDate "2020.10.23"]
[SourceVersion "1"]
[SourceVersionDate "2020.10.23"]
[SourceQuality "1"]
[WhiteTeam "Arandjelovac"]
[BlackTeam "Aleksandrovac Zupa"]
[WhiteTeamCountry "SRB"]
[BlackTeamCountry "SRB"]

1. Nf3 Nc6 2. d4 d5 3. c4 e5 4. dxe5 Bb4+ 5. Bd2 dxc4 6. Qa4 Qe7 7. a3 Bxd2+ 8. Nbxd2 Be6 9. e3 a6 10. Nd4 Qc5 11. Bxc4 Bxc4 12. Qxc4 Qxc4 13. Nxc4 Nxd4 14. exd4 0-0-0 15. 0-0-0 Ne7 16. Kc2 Rd7 17. Rd2 Rhd8 18. Rhd1 Nd5 19. g3 b5 20. Ne3 g6 21. Ng2 a5 22. Ne1 Ne7 23. Nf3 h6 24. Re1 Rd5 25. Kd3 c5 26. Kc3 Nc6 27. e6 fxe6 28. Rxe6 Nxd4 29. Nxd4 cxd4+ 30. Kd3 R8d6 31. Rxd6 Rxd6 32. Re2 Kc7 33. Re4 Kc6 34. f4 Kc5 35. Re5+ Kc6 36. a4 bxa4 37. Rxa5 Rd8 38. Rxa4 Rb8 39. Rc4+ 1-0

[Event "SRB-chT2 West"]
[Site "Kragujevac"]
[Date "2017.09.09"]
[Round "3"]
[White "Djokic, Mihailo"]
[Black "Djukic, Sasa"]
[Result "1-0"]
[WhiteElo "1991"]
[BlackElo "1993"]
[PlyCount "83"]
[EventDate "2017.09.08"]
[EventType "team-tourn"]
[EventRounds "11"]
[EventCountry "SRB"]
[SourceTitle "EXT 2022"]
[Source "ChessBase"]
[SourceDate "2021.10.06"]
[SourceVersion "1"]
[SourceVersionDate "2021.10.06"]
[SourceQuality "1"]

1. e4 Nf6 2. e5 Nd5 3. c4 Nb6 4. d4 d6 5. exd6 cxd6 6. Nc3 g6 7. h3 Nc6 8. Nf3 Bg7 9. Be3 Bf5 10. Bd3 Bxd3 11. Qxd3 e6 12. 0-0 0-0 13. b3 d5 14. c5 Nc8 15. Rac1 N8e7 16. a3 Nf5 17. Rfd1 Nxe3 18. fxe3 a6 19. b4 Qc7 20. e4 dxe4 21. Qxe4 Rfe8 22. Na4 Rad8 23. Nb6 Ne7 24. Nc4 Nd5 25. Nd6 Rf8 26. Ng5 Qe7 27. Nf3 Rb8 28. Re1 Qd7 29. Ne5 Bxe5 30. dxe5 Ne7 31. Qf3 Nf5 32. Red1 Nxd6 33. cxd6 Rfc8 34. Qe3 Rxc1 35. Rxc1 Rc8 36. Rxc8+ Qxc8 37. Qc5 Qd8 38. Qc7 Qh4 39. d7 Qd4+ 40. Kh1 Qa1+ 41. Kh2 Qxe5+ 42. Qxe5 1-0

[Event "SRB-chT2 West CS"]
[Site "Serbia"]
[Date "2016.10.07"]
[Round "8.3"]
[White "Tadic, Dragan"]
[Black "Djukic, Sasa"]
[Result "0-1"]
[WhiteElo "1994"]
[BlackElo "1977"]
[PlyCount "92"]
[EventDate "2016.09.04"]
[EventType "team-tourn"]
[EventRounds "11"]
[EventCountry "SRB"]
[SourceTitle "EXT 2018"]
[Source "ChessBase"]
[SourceDate "2017.10.13"]
[SourceVersion "1"]
[SourceVersionDate "2017.10.13"]
[SourceQuality "1"]

1. e4 Nf6 2. Nc3 e5 3. Nf3 Nc6 4. Bc4 Nxe4 5. Bxf7+ Kxf7 6. Nxe4 d5 7. Ng3 h5 8. h4 Bg4 9. d3 Be7 10. Bg5 Bxg5 11. Nxg5+ Qxg5 12. hxg5 Bxd1 13. Rxd1 Kg6 14. Kd2 Kxg5 15. Rh3 g6 16. Re1 Rae8 17. Nf1 Rhf8 18. f3 Nd4 19. Ne3 c6 20. c3 Nf5 21. Nd1 Nd6 22. Nf2 Rh8 23. Re2 Kf6 24. Re1 Kg7 25. Re2 Rhf8 26. Rh1 e4 27. dxe4 dxe4 28. Nxe4 Nxe4+ 29. fxe4 Rf4 30. e5 Rf5 31. Rhe1 Kf7 32. Kd3 Ke6 33. Re4 Rd8+ 34. Rd4 Rd5 35. Rxd5 cxd5 36. c4 dxc4+ 37. Kxc4 Rf2 38. Kc3 Rxg2 39. Rf1 h4 40. Rf6+ Kxe5 41. Rf7 h3 42. Rxb7 h2 43. Rh7 g5 44. a4 g4 45. b4 Rg3+ 46. Kc4 Rh3 0-1

[Event "SRB-chT2 West"]
[Site "Kragujevac"]
[Date "2015.10.10"]
[Round "10.2"]
[White "Djukic, Sasa"]
[Black "Nenadovic, Ljubisa"]
[Result "0-1"]
[WhiteElo "1978"]
[BlackElo "2137"]
[PlyCount "102"]
[EventDate "2015.09.04"]
[EventType "team-tourn"]
[EventRounds "11"]
[EventCountry "SRB"]
[SourceTitle "EXT 2022"]
[Source "ChessBase"]
[SourceDate "2021.10.06"]
[SourceVersion "1"]
[SourceVersionDate "2021.10.06"]
[SourceQuality "1"]

1. d4 Nf6 2. Bg5 Ne4 3. h4 c5 4. dxc5 Qa5+ 5. Nd2 e6 6. e3 Nxd2 7. Qxd2 Qxd2+ 8. Kxd2 Bxc5 9. Bd3 d5 10. Nh3 e5 11. h5 h6 12. Bh4 Nc6 13. f3 a6 14. g4 e4 15. fxe4 Ne5 16. Nf2 d4 17. exd4 Bxd4 18. c3 Bb6 19. Bg3 Nxg4 20. Nxg4 Bxg4 21. Be5 Rg8 22. Bd4 Bd8 23. Rag1 Bg5+ 24. Kc2 Be6 25. a3 0-0-0 26. Bf1 Rde8 27. Rh2 f6 28. Be2 Re7 29. a4 Kb8 30. Bg4 Rge8 31. Kd3 Bb3 32. Bf5 Bxa4 33. Rg4 Rd8 34. Bg6 Bc6 35. Rf2 Red7 36. Rf3 Bb5+ 37. Kc2 Be2 38. Rgg3 Bxf3 39. Rxf3 Ka8 40. Bf5 Re7 41. Rf2 b5 42. Rf1 Kb7 43. Rf2 a5 44. Rf1 a4 45. Bg4 Rc7 46. Rf5 Rxd4 47. Rxb5+ Ka6 48. Rb8 Rd2+ 49. Kb1 Rb7 50. Bc8 Rdxb2+ 51. Ka1 Ka7 0-1

[Event "SRB-chT2 West"]
[Site "Kragujevac"]
[Date "2015.10.08"]
[Round "6.2"]
[White "Djukic, Sasa"]
[Black "Bojicic, Andjela"]
[Result "1-0"]
[WhiteElo "1978"]
[BlackElo "1895"]
[PlyCount "75"]
[EventDate "2015.09.04"]
[EventType "team-tourn"]
[EventRounds "11"]
[EventCountry "SRB"]
[SourceTitle "EXT 2022"]
[Source "ChessBase"]
[SourceDate "2021.10.06"]
[SourceVersion "1"]
[SourceVersionDate "2021.10.06"]
[SourceQuality "1"]

1. d4 Nf6 2. Bg5 Ne4 3. h4 d5 4. Nd2 Nxg5 5. hxg5 Bf5 6. e3 e6 7. g4 Bg6 8. f4 c6 9. Ngf3 Qb6 10. Qc1 Nd7 11. Nh4 Bd6 12. Nxg6 fxg6 13. Bd3 0-0-0 14. c3 c5 15. Nf3 Kb8 16. a3 Rc8 17. Qd2 Qc7 18. b4 cxb4 19. cxb4 Nb6 20. Ke2 Nc4 21. Bxc4 dxc4 22. Ra2 Qc6 23. Rd1 c3 24. Qd3 h5 25. gxh6 Rxh6 26. Rc2 Rch8 27. d5 exd5 28. Qxd5 Rh2+ 29. Nxh2 Rxh2+ 30. Ke1 Qxd5 31. Rxd5 Rxc2 32. Rxd6 Kc7 33. Kd1 Ra2 34. Rxg6 Rxa3 35. Kc2 b5 36. Rxg7+ Kd6 37. Rg5 Kc6 38. Rc5+ 1-0

[Event "SRB-chT2 West"]
[Site "Kragujevac"]
[Date "2015.09.06"]
[Round "4.3"]
[White "Markovic, Miroslav R"]
[Black "Djukic, Sasa"]
[Result "1/2-1/2"]
[WhiteElo "2080"]
[BlackElo "1978"]
[PlyCount "20"]
[EventDate "2015.09.04"]
[EventType "team-tourn"]
[EventRounds "11"]
[EventCountry "SRB"]
[SourceTitle "EXT 2022"]
[Source "ChessBase"]
[SourceDate "2021.10.06"]
[SourceVersion "1"]
[SourceVersionDate "2021.10.06"]
[SourceQuality "1"]

1. d4 d5 2. c4 Nf6 3. Nc3 c6 4. e3 dxc4 5. Bxc4 Bf5 6. Nf3 e6 7. 0-0 Bd6 8. h3 Nbd7 9. Nh4 Bg6 10. Nxg6 hxg6 1/2-1/2

[Event "SRB-chT2 West"]
[Site "Kragujevac"]
[Date "2015.09.04"]
[Round "1.2"]
[White "Kozaicevski, Fedja"]
[Black "Djukic, Sasa"]
[Result "1-0"]
[WhiteElo "1965"]
[BlackElo "1978"]
[PlyCount "51"]
[EventDate "2015.09.04"]
[EventType "team-tourn"]
[EventRounds "11"]
[EventCountry "SRB"]
[SourceTitle "EXT 2022"]
[Source "ChessBase"]
[SourceDate "2021.10.06"]
[SourceVersion "1"]
[SourceVersionDate "2021.10.06"]
[SourceQuality "1"]

1. e4 Nf6 2. Nc3 e5 3. Bc4 Nc6 4. d3 h6 5. f4 Bb4 6. Nge2 d5 7. exd5 Nxd5 8. 0-0 Bxc3 9. Nxc3 Nxc3 10. bxc3 0-0 11. Ba3 Re8 12. fxe5 Nxe5 13. Qh5 Nxc4 14. Qxf7+ Kh8 15. Bf8 Qd7 16. Qxc4 b5 17. Qf7 Qxf7 18. Rxf7 Be6 19. Bxg7+ Kh7 20. Rxc7 Rec8 21. Rxc8 Rxc8 22. Bd4 a6 23. a4 Kg6 24. axb5 axb5 25. Ra6 Kf5 26. g4+ 1-0

[Event "Petrovac op"]
[Site "Petrovac"]
[Date "2015.05.13"]
[Round "8"]
[White "Djukic, Sasa"]
[Black "Zoric, Slavomir"]
[Result "1-0"]
[WhiteElo "1971"]
[BlackElo "1900"]
[PlyCount "129"]
[EventDate "2015.05.08"]
[EventType "swiss"]
[EventRounds "9"]
[EventCountry "MNE"]
[SourceTitle "CBM 166 Extra"]
[Source "ChessBase"]
[SourceDate "2015.06.18"]
[SourceVersion "1"]
[SourceVersionDate "2015.06.18"]
[SourceQuality "1"]

1. d4 d5 2. Nf3 Nf6 3. Bg5 b6 4. g3 Bb7 5. Bg2 Nbd7 6. 0-0 Ne4 7. Bf4 e6 8. c3 Be7 9. Nfd2 0-0 10. Nxe4 dxe4 11. f3 exf3 12. Bxf3 Bxf3 13. exf3 c5 14. Be3 Qc7 15. Qe2 Rfe8 16. Nd2 e5 17. d5 Rad8 18. c4 f5 19. a4 Bf6 20. Rab1 a5 21. b3 Nf8 22. Kg2 Qd7 23. Qd3 Ng6 24. Rbe1 Re7 25. Re2 Rde8 26. Bf2 Kf8 27. Rfe1 Nh8 28. h3 Nf7 29. Qc2 Nd6 30. Qd3 g6 31. Qc2 Kg8 32. Qd3 Kh8 33. Qc2 Rg8 34. Qd3 h5 35. Qc2 Rge8 36. Qd3 Rh7 37. Qc2 Nf7 38. Rh1 Kg7 39. Rg1 Nd6 40. Qd3 h4 41. g4 Kf7 42. Kf1 Qe7 43. Kg2 Bg5 44. Be3 Kf8 45. Bxg5 Qxg5 46. Qe3 Qf6 47. Rge1 Rhe7 48. Qh6+ Kg8 49. g5 Qg7 50. Qxh4 Kf7 51. Qg3 f4 52. Qg4 Nf5 53. Ne4 Rh8 54. Kf2 Rh4 55. Qg2 Qh8 56. Rh1 Ne3 57. Rxe3 fxe3+ 58. Kxe3 Kf8 59. Nf6 Rf7 60. Qg3 Rf4 61. h4 R7xf6 62. gxf6 Qxf6 63. h5 Qf5 64. hxg6 Kg8 65. g7 1-0

[Event "SRB-CupT Central Serbia"]
[Site "Serbia"]
[Date "2014.05.03"]
[Round "7.11"]
[White "Djukic, Sasa"]
[Black "Jovcic, Zoran"]
[Result "1/2-1/2"]
[WhiteElo "1988"]
[BlackElo "2117"]
[PlyCount "137"]
[EventDate "2014.03.23"]
[EventType "team"]
[EventRounds "8"]
[EventCountry "SRB"]
[SourceTitle "EXT 2015"]
[Source "ChessBase"]
[SourceDate "2014.11.20"]
[SourceVersion "1"]
[SourceVersionDate "2014.11.20"]
[SourceQuality "1"]

1. d4 Nf6 2. Bg5 Ne4 3. h4 h6 4. Bf4 d5 5. Nd2 Nxd2 6. Qxd2 c6 7. e3 Bf5 8. Bd3 Bxd3 9. Qxd3 e6 10. Nf3 Be7 11. g4 Nd7 12. 0-0-0 Qa5 13. Kb1 c5 14. c4 dxc4 15. Qxc4 Nb6 16. Qc2 Rc8 17. Qd2 Qb5 18. dxc5 Rxc5 19. Nd4 Qd7 20. Nb3 Rd5 21. Qc2 0-0 22. e4 Rc8 23. Qe2 Rxd1+ 24. Rxd1 Qa4 25. g5 h5 26. Rd4 Rc4 27. Rxc4 Nxc4 28. Nd2 Nxd2+ 29. Bxd2 b5 30. b3 Qd4 31. Qe3 Bc5 32. Qxd4 Bxd4 33. Be1 Kf8 34. Kc2 Ke7 35. Kd3 Bc5 36. f3 Kd6 37. Bg3+ Kc6 38. Kc3 a6 39. Kd3 Bg1 40. Be1 g6 41. Bg3 Kc5 42. Be1 Bh2 43. Bf2+ Kd6 44. Kd4 Bf4 45. Kd3 Be5 46. Be1 f6 47. gxf6 Bxf6 48. f4 Bd8 49. Kd4 Bb6+ 50. Kd3 Ba7 51. Bg3 Ke7 52. Be1 Bb6 53. Bb4+ Kf7 54. Be1 Bc5 55. Bg3 Kf6 56. Be1 Ke7 57. Bg3 Bg1 58. Be1 Kd6 59. Bb4+ Kc6 60. Be1 Kc5 61. Bg3 Kb4 62. Kc2 Be3 63. Kd3 Bg1 64. Kc2 Kc5 65. Kd3 a5 66. Be1 a4 67. b4+ Kc6 68. a3 Bb6 69. Bg3 1/2-1/2

[Event "SRB-chT2 West"]
[Site "Vrnjacka Banja"]
[Date "2013.10.10"]
[Round "1"]
[White "Nikolic, Vladimir"]
[Black "Djukic, Sasa"]
[Result "1/2-1/2"]
[WhiteElo "1977"]
[BlackElo "1996"]
[PlyCount "145"]
[EventDate "2013.10.10"]
[EventType "team-tourn"]
[EventRounds "8"]
[EventCountry "SRB"]
[SourceTitle "EXT 2014"]
[Source "ChessBase"]
[SourceDate "2013.11.20"]
[SourceVersion "1"]
[SourceVersionDate "2013.11.20"]
[SourceQuality "1"]

1. Nf3 Nc6 2. d4 d5 3. Bf4 Bf5 4. Nbd2 Nf6 5. c3 e6 6. h3 Bd6 7. Bxd6 Qxd6 8. Nh4 Bg6 9. Nxg6 hxg6 10. g3 Ne7 11. Bg2 c6 12. e4 dxe4 13. Nxe4 Nxe4 14. Bxe4 Nf5 15. Qf3 Qc7 16. Bxf5 gxf5 17. h4 0-0-0 18. 0-0-0 g6 19. Rhe1 f4 20. Re5 fxg3 21. fxg3 Rd5 22. Qf6 Rh5 23. Rxh5 Rxh5 24. g4 Rh7 25. h5 gxh5 26. Rh1 Qd8 27. Qh4 Qxh4 28. Rxh4 Kd7 29. gxh5 Ke7 30. Kd2 Kf6 31. Rh2 Kg5 32. Rg2+ Kxh5 33. Ke3 Kh6 34. Ke4 f6 35. Rg8 Re7 36. Kf4 Kh7 37. Rg2 Rd7 38. Re2 Rd6 39. Rg2 Rd5 40. Re2 Rd6 41. Rg2 Rd7 42. Re2 Re7 43. Rg2 Re8 44. Rg3 Kh6 45. Rg2 Rd8 46. Re2 Rd6 47. Rg2 Rd5 48. Re2 Rd6 49. Rg2 Kh7 50. Rg1 a5 51. a4 b5 52. Ke4 Rd5 53. axb5 Rxb5 54. Rg2 Rg5 55. Rh2+ Kg7 56. Rc2 Kf7 57. b4 Ke7 58. bxa5 Rxa5 59. Rf2 Rh5 60. Rf3 Rh4+ 61. Kd3 Rh5 62. Ke4 c5 63. Rg3 Kd6 64. Rg6 f5+ 65. Kd3 Rh3+ 66. Kc4 cxd4 67. cxd4 Re3 68. Rh6 Ke7 69. d5 e5 70. d6+ Kd7 71. Kd5 Rd3+ 72. Kxe5 Re3+ 73. Kxf5 1/2-1/2